Business focus : Elementary workbook
A two-level foundation course in business English. 100 hours of teaching material, supported by a further 100 hours of self-study materials on CD-ROM, on audio CD, in the Student's Book and Workbook, and on the Business Focus website.
Сохранить в:
| Главный автор: | |
|---|---|
| Формат: | |
| Язык: | Undetermined |
| Опубликовано: |
Oxford
Oxford University
2005
|
| Предметы: | |
| Метки: |
Добавить метку
Нет меток, Требуется 1-ая метка записи!
|
| Thư viện lưu trữ: | Trung tâm Học liệu Trường Đại học Cần Thơ |
|---|
| LEADER | 00841nam a2200229Ia 4500 | ||
|---|---|---|---|
| 001 | CTU_100841 | ||
| 008 | 210402s9999 xx 000 0 und d | ||
| 020 | |c 88000 | ||
| 082 | |a 428.24 | ||
| 082 | |b H893 | ||
| 100 | |a Hughes, John | ||
| 245 | 0 | |a Business focus : | |
| 245 | 0 | |b Elementary workbook | |
| 245 | 0 | |c John Hughes | |
| 260 | |a Oxford | ||
| 260 | |b Oxford University | ||
| 260 | |c 2005 | ||
| 520 | |a A two-level foundation course in business English. 100 hours of teaching material, supported by a further 100 hours of self-study materials on CD-ROM, on audio CD, in the Student's Book and Workbook, and on the Business Focus website. | ||
| 650 | |a English language,English language | ||
| 650 | |x Business english,Textbooks for foreign speakers | ||
| 904 | |i Truc | ||
| 980 | |a Trung tâm Học liệu Trường Đại học Cần Thơ | ||